000 00516nam a22001697a 4500
003 BD-DhUL
005 20171109144348.0
008 171109s1314 ir ||||| |||| 00| 0 per d
040 _aBD-DhUL
_cBD-DhUL
082 _a891.551
_bFAW
100 0 _aفخر الدین گرگانی
245 0 _aویس ورامین :
_cفخر الدین گرگانی
_bجلد ۱ /
260 _aطھران :
_bمطبعه بروخیم،
_c۔۱۳۱۴
300 _aجلد ۱ ؛
_c۲۴ سم۔
650 0 _aPersian poetry
942 _2ddc
_cBK
999 _c231866
_d231866